<?xml version="1.0" encoding="UTF-8"?>
<collection xmlns="http://www.loc.gov/MARC21/slim">
<record>
  <controlfield tag="001">169838</controlfield>
  <controlfield tag="005">20260304131019.0</controlfield>
  <datafield tag="037" ind1=" " ind2=" ">
    <subfield code="a">TAZ-TFG-2025-4703</subfield>
  </datafield>
  <datafield tag="041" ind1=" " ind2=" ">
    <subfield code="a">spa</subfield>
  </datafield>
  <datafield tag="100" ind1="1" ind2=" ">
    <subfield code="a">González Cruz, Andrés</subfield>
  </datafield>
  <datafield tag="242" ind1="0" ind2="0">
    <subfield code="a">Determination and speciation of metals in sewage sludge from wastewater treatment plants</subfield>
  </datafield>
  <datafield tag="245" ind1="0" ind2="0">
    <subfield code="a">Determinación y especiación de metales en lodos de depuradora de aguas residuales</subfield>
  </datafield>
  <datafield tag="260" ind1=" " ind2=" ">
    <subfield code="a">Zaragoza</subfield>
    <subfield code="b">Universidad de Zaragoza</subfield>
    <subfield code="c">2025</subfield>
  </datafield>
  <datafield tag="506" ind1=" " ind2=" ">
    <subfield code="a">by-nc-sa</subfield>
    <subfield code="b">Creative Commons</subfield>
    <subfield code="c">3.0</subfield>
    <subfield code="u">http://creativecommons.org/licenses/by-nc-sa/3.0/</subfield>
  </datafield>
  <datafield tag="520" ind1=" " ind2=" ">
    <subfield code="a">Los lodos de depuradora constituyen un subproducto inherente al tratamiento de aguas residuales y, debido a su creciente generación, su correcta gestión resulta esencial desde el punto de vista ambiental, sanitario y económico. Entre los factores que condicionan su valoración destacan los metales presentes en su composición, ya que estos elementos no son biodegradables y tienden a persistir y acumularse en el medio ambiente. &lt;br />Por ello, para considerar estos lodos como un recurso potencial, por ejemplo, en su uso como enmienda orgánica en suelos agrícolas, es necesario caracterizar con precisión tanto el contenido total de metales como su distribución en las distintas fracciones químicas de la matriz del lodo. En el presente Trabajo Fin de Estudios se han seleccionado muestras de lodos procedentes de 10 estaciones depuradoras de aguas residuales (EDARs) y se ha determinado el contenido de metales mayoritarios (Ca, Mg, K y Fe), minoritarios (Zn, Cu y Mn) y traza (Pb, Cr, Cd, Co y Ni) mediante Espectrofotometría de absorción y emisión atómica a la llama (EAA/EEA). Previamente se ha optimizado el procedimiento de tratamiento químico de la muestra mediante el uso de un material de referencia certificado. Así mismo, los resultados obtenidos mediante EAA se han comparado con los obtenidos mediante la Fluorescencia de Rayos X (FRX), técnica de análisis directo. Además, se ha realizado un estudio de especiación de metales en lodos de 4 EDARs seleccionadas mediante extracciones secuenciales (metodología analítica de Tessier) con el fin de evaluar la distribución de los metales en las distintas fracciones químicas del lodo. Este análisis permite estimar la posible movilidad y biodisponibilidad de los elementos metálicos, aspectos clave para valorar el impacto potencial de su aplicación al suelo y su comportamiento a largo plazo. Los resultados obtenidos muestran variabilidad en el contenido de metales en lodos entre las EDARs analizadas, debido principalmente al origen de las aguas residuales tratadas (domésticas o con mayor aportación industrial). Considerando los límites establecidos por la legislación vigente, la mayoría de las muestras podrían destinarse a uso agrícola, con la excepción de una de ellas (EDAR industrial) que presenta elevados contenidos de Zn. El estudio de especiación revela que los metales se distribuyen de forma claramente diferenciada entre las cinco fracciones. Los macronutrientes (Ca y K) predominan en las fracciones más lábiles (FI – FII), metales traza como Mn, Zn, Ni y Co se reparten entre fracciones móviles e intermedias y los metales pesados de mayor relevancia ambiental (Fe, Pb, Cr y Cu) se concentran mayoritariamente en las fracciones menos disponibles (FIV – FV). Esto implica que la mayoría de los metales tóxicos se encuentran en formas poco móviles, mientras que los elementos de interés agronómico se localizan en fracciones biodisponibles.&lt;br /></subfield>
  </datafield>
  <datafield tag="521" ind1=" " ind2=" ">
    <subfield code="a">Graduado en Ciencias Ambientales</subfield>
  </datafield>
  <datafield tag="540" ind1=" " ind2=" ">
    <subfield code="a">Derechos regulados por licencia Creative Commons</subfield>
  </datafield>
  <datafield tag="653" ind1="1" ind2=" ">
    <subfield code="a">Aguas residuales</subfield>
  </datafield>
  <datafield tag="653" ind1="1" ind2=" ">
    <subfield code="a">Lodos de depuradora</subfield>
  </datafield>
  <datafield tag="653" ind1="1" ind2=" ">
    <subfield code="a">Tratamiento de lodos</subfield>
  </datafield>
  <datafield tag="653" ind1="1" ind2=" ">
    <subfield code="a">EDAR</subfield>
  </datafield>
  <datafield tag="653" ind1="1" ind2=" ">
    <subfield code="a">Valorización de lodos</subfield>
  </datafield>
  <datafield tag="653" ind1="1" ind2=" ">
    <subfield code="a">Metales pesados</subfield>
  </datafield>
  <datafield tag="856" ind1="0" ind2=" ">
    <subfield code="f">775480@unizar.es</subfield>
  </datafield>
  <datafield tag="856" ind1="4" ind2=" ">
    <subfield code="s">2787681</subfield>
    <subfield code="u">http://zaguan.unizar.es/record/169838/files/TAZ-TFG-2025-4703.pdf</subfield>
    <subfield code="y">Memoria (spa)</subfield>
  </datafield>
  <datafield tag="909" ind1="C" ind2="O">
    <subfield code="o">oai:zaguan.unizar.es:169838</subfield>
    <subfield code="p">driver</subfield>
    <subfield code="p">trabajos-fin-grado</subfield>
  </datafield>
  <datafield tag="950" ind1=" " ind2=" ">
    <subfield code="a"></subfield>
  </datafield>
  <datafield tag="691" ind1=" " ind2=" ">
    <subfield code="a">3 6 11</subfield>
  </datafield>
  <datafield tag="692" ind1=" " ind2=" ">
    <subfield code="a">ODS 3 (Salud y bienestar): determinar los metales pesados a los que se puede estar expuesto debido a la utilización de dichos lodos en la agricultura, considerando sus efectos adversos sobre la salud humana. ODS 6 (Agua limpia y saneamiento): relacionado principalmente con el tratamiento de las aguas residuales y la gestión que se realiza con los lodos para evitar la contaminación del agua.  ODS 11 (Ciudades y comunidades sostenibles): gracias a la gestión de las EDAR y la reutilización de estos lodos que se derivan a la agricultura se contribuye a un desarrollo urbano más sostenible y fomenta la economía circular.</subfield>
  </datafield>
  <datafield tag="700" ind1=" " ind2=" ">
    <subfield code="a">Zufiaurre Galarza, Raquel</subfield>
    <subfield code="e">dir.</subfield>
  </datafield>
  <datafield tag="700" ind1=" " ind2=" ">
    <subfield code="a">Palacín Arizón, Inmaculada</subfield>
    <subfield code="e">dir.</subfield>
  </datafield>
  <datafield tag="710" ind1="2" ind2=" ">
    <subfield code="a">Universidad de Zaragoza</subfield>
    <subfield code="b"> </subfield>
    <subfield code="c"></subfield>
  </datafield>
  <datafield tag="980" ind1=" " ind2=" ">
    <subfield code="a">TAZ</subfield>
    <subfield code="b">TFG</subfield>
    <subfield code="c">EPSHUES</subfield>
  </datafield>
  <datafield tag="999" ind1=" " ind2=" ">
    <subfield code="a">20251120003415.CREATION_DATE</subfield>
  </datafield>
  <datafield tag="951" ind1=" " ind2=" ">
    <subfield code="a">deposita:2026-03-04</subfield>
  </datafield>
</record>
</collection>